| 000 | 00430nam a2200145Ia 4500 | ||
|---|---|---|---|
| 008 | 220326s9999||||xx |||||||||||||| ||und|| | ||
| 020 | _a979-518-704-X | ||
| 084 | _a10045 NDR Gov Bo.3c | ||
| 100 | _aTaliziduhu Ndraha | ||
| 245 | 0 | _aMetodelogi Ilmu Pemerintahan | |
| 260 |
_aJakarta _bRineka Cipta _c1997 |
||
| 300 | _axvi + 198 halaman | ||
| 650 |
_aGovernment (Pemerintahan) _eG-O-V _yMetodelogi, Ilmu Pemerintahan |
||
| 942 | _cBK | ||
| 999 |
_c12542 _d12542 |
||